Harris Reference Catalog - US/BNA 2019 (Record no. 3645)
[ view plain ]
| 000 -LEADER | |
|---|---|
| fixed length control field | 00331nam a22000977a 4500 |
| 008 - FIXED-LENGTH DATA ELEMENTS--GENERAL INFORMATION | |
| fixed length control field | 250116b ||||| |||| 00| 0 eng d |
| 100 ## - MAIN ENTRY--AUTHOR'S NAME | |
| Author's Name | H. E. Harris |
| 245 ## - TITLE STATEMENT | |
| Title | Harris Reference Catalog - US/BNA 2019 |
| 260 ## - PUBLICATION, DISTRIBUTION, ETC. (IMPRINT) | |
| Name of publisher, distributor, etc. | H. E. Harris |
| 650 ## - TOPICAL TERM (Tag) | |
| Topical term or geographic name | United States|United Nations|Canada|Confederate States|U.S. Possessions|U.S. Trust Territories |
| Withdrawn status | Lost status | Source of classification or shelving scheme | Damaged status | Koha normalized classification for sorting | Not for loan | Permanent Location | Current Location | Date acquired | Total Checkouts | Full call number | Barcode | Date last seen | Price effective from | Koha item type |
|---|---|---|---|---|---|---|---|---|---|---|---|---|---|---|
| HAR R I S US/BNA 02019 | Northern Philatelic Library | Northern Philatelic Library | 01/16/2025 | Harris US/BNA 2019 | 1006542 | 01/16/2025 | 01/16/2025 | Show Catalog |